Troisième langue la plus parlée dans les Etats-Unis - Statistiques

Statistiques générales
  • Ce quiz a été pris 385 fois
  • Le résultat moyen est 8 sur 16
Statistiques - réponses
Langues % Correct
Français
98%
Mandarin
94%
Portugais
89%
Allemand
86%
Italien
86%
Russe
84%
Arabe
81%
Polonais
52%
Coréen
49%
Vietnamien
30%
Créole français
25%
Tagalog
17%
Dakota
13%
Navajo
11%
Hmong
1%
Yupik
1%
Aucun quiz correspondant
Distribution des résultats
% des personnes avec chaque résultat
Percentile par nombre de réponses
Votre historique - résultats
Vous n’avez pas pris ce quiz